000 00520nam a2200181Ia 4500
999 _c2921
_d2921
003 OSt
005 20200819111036.0
008 190216s9999||||xx |||||||||||||| ||und||
020 _a9971511789
040 _coclc
082 _a541.3
_bALB/P
100 _aAlberty, Robert A
_94211
245 0 _aPhysical Chemistry /
_cRobert A Alberty ; Robert J Silbey
250 _a1st Ed.
260 _bJohn Wiley & Sons,
_c1992.
_aNew York:
300 _a898p
942 _cBK
_2ddc
_h541.3
_iALB/P
_k541.3
_mALB/P